The Advocate act (Record no. 28515)
[ view plain ]
| 000 -LEADER | |
|---|---|
| fixed length control field | 00187nam a2200085Ia 4500 |
| 008 - FIXED-LENGTH DATA ELEMENTS--GENERAL INFORMATION | |
| fixed length control field | 170620s9999 xx 000 0 und d |
| 100 ## - MAIN ENTRY--PERSONAL NAME | |
| Personal name | Basu |
| 245 #4 - TITLE STATEMENT | |
| Title | The Advocate act |
| 260 ## - PUBLICATION, DISTRIBUTION, ETC. | |
| Name of publisher, distributor, etc. | Central Law Pub. |
| 260 ## - PUBLICATION, DISTRIBUTION, ETC. | |
| Date of publication, distribution, etc. | 2001 |
| Withdrawn status | Lost status | Source of classification or shelving scheme | Damaged status | Not for loan | Home library | Current library | Date acquired | Total Checkouts | Barcode | Date last seen | Date last checked out | Price effective from | Koha item type |
|---|---|---|---|---|---|---|---|---|---|---|---|---|---|
| IIMT University College of Law | IIMT University College of Law | 06/29/2017 | 1 | 04-B-557 | 02/16/2022 | 01/08/2022 | 06/29/2017 | Text-Book- for 7 days | |||||
| IIMT University College of Law | IIMT University College of Law | 06/29/2017 | 04-B-558 | 06/29/2017 | 06/29/2017 | Text-Book- for 7 days | |||||||
| IIMT University College of Law | IIMT University College of Law | 06/29/2017 | 04-B-559 | 06/29/2017 | 06/29/2017 | Text-Book- for 7 days |

